Fr. Conceicao Rodrigues College of Engineering

Foundations of algorithms (Record no. 34968)

MARC details
000 -LEADER
fixed length control field 00299nam a2200145Ia 4500
100 ## - MAIN ENTRY--PERSONAL NAME
Personal name Sathe/Shaileesh R
245 ## - TITLE STATEMENT
Title Foundations of algorithms
260 ## - PUBLICATION, DISTRIBUTION, ETC.
Name of publisher, distributor, etc. Penram
Date of publication, distribution, etc. 2014
366 ## - TRADE AVAILABILITY INFORMATION
Publishers's discount category 25
300 ## - PHYSICAL DESCRIPTION
Extent 418
546 ## - LANGUAGE NOTE
Language note ENGLISH
-- Computers
650 ## - SUBJECT ADDED ENTRY--TOPICAL TERM
Topical term or geographic name entry element Algorithms
942 ## - ADDED ENTRY ELEMENTS (KOHA)
Koha item type BOOK
Holdings
Withdrawn status Lost status Damaged status Not for loan Collection Home library Current library Date acquired Source of acquisition Cost, normal purchase price Inventory number Total Checkouts Full call number Barcode Date last seen Date last checked out Cost, replacement price Price effective from Koha item type
        CRC Fr. Agnel's C.Rodrigues College of Engineering AGNEL TECHNICAL COLLEGE LIBRARY 17/03/2023 Allied Publishers 221.25 1888 dt 14/01/2014 1 23086 04/07/2025 26/06/2025 295.00   BOOK